El gobierno de las islas de ultramar

Detalles Bibliográficos
Autor principal: Martn̕ez Navas, Isabel
Formato: eBook
Lenguaje:español
Publicado: Madrid: Dykinson, 2007
Materias:
Acceso en línea:Acceso restringido

MARC

LEADER 00000nam a22000007a 4500
005 20131128125730.0
007 cr|||| ||||
008 131128s2007 sp |||||s|||| 00||0|spa d
020 |a 978-84-9031-669-6 
035 |a 11669 
040 |a vLex 
090 |c 4598  |d 4598 
100 1 |a Martn̕ez Navas, Isabel 
245 1 3 |a El gobierno de las islas de ultramar  |h [Recurso electrn̤ico] /  |c Isabel Martn̕ez Navas  
256 |a Servicio en ln̕ea 
260 |a Madrid:  |b Dykinson,  |c 2007 
300 |a 1 recurso electrn̤ico 
506 1 |a Contenido solo disponible en los productos indicados  |d vLex Global  |d vLex Global (Academic Edition, excluding Law Schools)  |d vLex Global (U.S. Academic Edition, Law Schools)  |d vLex Global (U.S. Academic Edition, excluding Law Schools)  |d vLex Global (Academic Edition, Law Schools) 
650 0 4 |a Derecho administrativo 
650 0 4 |a Islas 
740 0 |a vLex Libros (Servicio en ln̕ea) 
856 4 0 |u http://vlex.com/source/el-gobierno-de-las-islas-de-ultramar-11669  |z Acceso restringido 
942 |c BOOK 
999 0 |a Administrative Law